Statistics for 空港の愛称

Click here to take the quiz!

General Stats

  • This quiz has been taken 87 times
  • The average score is 17 of 37

Answer Stats

正式名称愛称% Correct
中部国際空港セントレア
89%
東京国際空港羽田空港
89%
札幌飛行場丘珠空港
83%
大阪国際空港伊丹空港
83%
百里飛行場茨城空港
71%
静岡空港富士山静岡空港
67%
高知空港高知龍馬空港
66%
紋別空港オホーツク紋別空港
63%
釧路空港たんちょう釧路空港
63%
出雲空港出雲縁結び空港
61%
庄内空港おいしい庄内空港
60%
山形空港おいしい山形空港
57%
富山空港富山きときと空港
57%
岩国飛行場岩国錦帯橋空港
56%
宮崎空港宮崎ブーゲンビリア空港
54%
鳥取空港鳥取砂丘コナン空港
54%
花巻空港いわて花巻空港
50%
岡山空港岡山桃太郎空港
49%
松本空港信州まつもと空港
47%
徳島飛行場徳島阿波おどり空港
46%
名古屋飛行場県営名古屋空港
44%
帯広空港とかち帯広空港
44%
美保飛行場米子鬼太郎空港
43%
石見空港萩・石見空港
43%
熊本空港阿蘇くまもと空港
37%
対馬空港対馬やまねこ空港
29%
能登空港のと里山空港
29%
新石垣空港南ぬ島石垣空港
27%
佐賀空港九州佐賀国際空港
24%
種子島空港コスモポート種子島
19%
大館能代空港あきた北空港
17%
徳之島空港徳之島子宝空港
17%
福江空港五島つばき空港
14%
沖永良部空港えらぶゆりの島空港
7%
大島空港東京大島かめりあ空港
4%
下地島空港みやこ下地島空港
3%
多良間空港かりゆす多良間空港
0%

Score Distribution

Percentile by Number Answered

Percent of People with Each Score

Your Score History

You have not taken this quiz